Photo Quiz: Musicians Named Paul - Statistics

General Stats
  • This quiz has been taken 119 times
  • The average score is 6 of 20
Answer Stats
Picture Hint Answer % Correct
UK 1960's onwards Paul McCartney
100%
Ireland 1980's onwards (Stage name) Bono (Paul Hewson)
84%
US 60's/70's/80's Paul Simon
84%
UK 1980's Paul Young
49%
UK 70's/80's/90's Paul Weller
44%
US 60's/70's Paul Anka
43%
US 1970's/80's Paul Stanley
37%
UK 1960's Paul Jones
31%
UK 2000's Paul Potts
29%
US Bass Baritone 1920's-1960's Paul Robeson
26%
UK 80's/90's Paul Heaton
23%
UK Early 70's Rock Paul Rodgers
15%
US 60's Paul Revere
13%
UK 2000's Paolo Nutini
10%
UK Punk Paul Cook
10%
UK Punk Paul Simonon
10%
UK 70's Pop Paul Nicholas
9%
UK Early 70's Rock Paul Kossoff
8%
UK 80's Heavy Metal Paul Di'Anno
6%
US Jazz 1920's-1940's Paul Whiteman
5%
No matching quizzes found
Score Distribution
Percent of People with Each Score
Percentile by Number Answered
Your Score History
You have not taken this quiz